Finančná a ekonomická kríza v tlačených médiách bakalárska práca

Gespeichert in:
Bibliographische Detailangaben
1. Verfasser: Michalová, Ivana
Körperschaft: Národohospodárska fakulta EU. Katedra ekonómie
Weitere Verfasser: Dvořák, Karel
Format: Buch
Sprache:Slowakisch
Veröffentlicht: Bratislava 2017
Tags: Tag hinzufügen
Keine Tags, Fügen Sie das erste Tag hinzu!

MARC

LEADER 00000nbm a2200000 4500
001 0233872
005 20171003132155.7
041 0 |a slo 
044 |a SK 
245 1 0 |a Finančná a ekonomická kríza v tlačených médiách  |b bakalárska práca  |c Ivana Michalová ; školiteľ: Karel Dvořák 
264 1 |a Bratislava  |c 2017 
300 |a 48 s. 
100 1 |a Michalová, Ivana 
700 1 |a Dvořák, Karel 
710 2 |a Národohospodárska fakulta EU. Katedra ekonómie